Normal view
MARC view
- Bracardi Franco
Entry Personal Name
001 - CONTROL NUMBER
- control field: 9618
003 - CONTROL NUMBER IDENTIFIER
- control field: IT-RoPau
005 - DATE AND TIME OF LATEST TRANSACTION
- control field: 20140118210909.0
008 - FIXED-LENGTH DATA ELEMENTS
- fixed length control field: 140118|| aca||aabn | a|a d
040 ## - CATALOGING SOURCE
- Original cataloging agency: IT-RoPau
- Transcribing agency: IT-RoPau
100 ## - HEADING--PERSONAL NAME
- Personal name: Bracardi Franco
- Miscellaneous information: Codice autore musica SPICS: 14180
- Relator term: Autore musica
- Name of part/section of a work: Aveva un cuore grande
670 ## - SOURCE DATA FOUND
- Source citation: Work cat.: (IT-RoPau)100074: AA.VV. 794, Ritratto di Milva